Soft robotic pineapple gripper / (Record no. 18076)
[ view plain ]
| 000 -LEADER | |
|---|---|
| fixed length control field | 00350nam a2200145 4500 |
| 003 - CONTROL NUMBER IDENTIFIER | |
| control field | OSt |
| 082 ## - DEWEY DECIMAL CLASSIFICATION NUMBER | |
| Classification number | 631.3 |
| Item number | RAN/SO |
| 088 ## - REPORT NUMBER | |
| Report number | 603 |
| 100 ## - MAIN ENTRY--AUTHOR NAME | |
| Personal name | Ranjisha K |
| 245 ## - TITLE STATEMENT | |
| Title | Soft robotic pineapple gripper / |
| 260 ## - PUBLICATION, DISTRIBUTION, ETC. (IMPRINT) | |
| Name of publisher | Department of Farm Machinery and Power Engineering |
| 300 ## - PHYSICAL DESCRIPTION | |
| Number of Pages | 116 p. |
| 700 ## - ADDED ENTRY--PERSONAL NAME | |
| Personal name | Bhaskar, Sindhu |
| 942 ## - ADDED ENTRY ELEMENTS (KOHA) | |
| Koha item type | Theses |
| Collection code | Home library | Current library | Full call number | Accession Number | Koha item type | Public note |
|---|---|---|---|---|---|---|
| Reference | KAUAET | KAUAET | 631.3 RAN/SO | T 603 | Theses | M.Tech Thesis |
